Sports Quiz

Random Sports Quiz

All NCAA Division 1 lacrosse teams Quiz Stats

 Plays Quiz not verified by Sporcle

Challenge
Share
Tweet
Embed
Score 0/71 Timer 10:00
0 Plays Today
Conference School % Correct
ACCDuke
96.2%
Big TenMaryland
95.3%
ACCNorth Carolina
95%
ACCSyracuse
94.8%
ACCVirginia
94.4%
Ivy LeagueHarvard
93.7%
Ivy LeagueYale
93.5%
Ivy LeaguePennsylvania
93.2%
Ivy LeagueCornell
93%
Ivy LeagueBrown
92.1%
Ivy LeaguePrinceton
91.9%
Ivy LeagueDartmouth
90.8%
Patriot LeagueNavy
90.8%
Patriot LeagueArmy
89.9%
ACCNotre Dame
89%
Big TenJohns Hopkins
86.7%
Big TenMichigan
86%
Big TenOhio State
85.6%
Big TenRutgers
84.9%
Big EastGeorgetown
84.7%
Big TenPenn State
82%
Big EastVillanova
81.3%
Big EastSt. John's
80.6%
America EastAlbany
80.2%
Big EastDenver
80.2%
SouthernAir Force
78.8%
CAAMassachusetts
78.6%
Big EastProvidence
77.5%
America EastVermont
77.3%
Patriot LeagueLehigh
75%
Big EastMarquette
74.5%
Patriot LeagueBucknell
72.1%
Patriot LeagueBoston University
71.5%
CAADelaware
71.4%
Patriot LeagueColgate
71.4%
America EastUMBC
70.9%
Conference School % Correct
Patriot LeagueLoyola (MD)
69.6%
Patriot LeagueHoly Cross
68.7%
America EastStony Brook
68.5%
CAATowson
68%
SouthernRichmond
67.9%
IndependentNJIT
66.3%
Patriot LeagueLafayette
66.2%
CAAHofstra
66%
America EastBinghamton
65.5%
CAADrexel
64.2%
MAACMonmouth
63.3%
America EastHartford
63.3%
MAACSiena
63.1%
CAAFairfield
62.4%
MAACMarist
60.8%
SouthernHigh Point
60.4%
MAACCanisius
60.1%
MAACQuinnipiac
59.9%
America EastUMass-Lowell
59.5%
MAACManhattan
59.2%
NortheastRobert Morris
58.6%
NortheastSacred Heart
57.9%
NortheastSt. Joseph's
57.4%
NortheastBryant
56.1%
IndependentHampton
55.8%
SouthernJacksonville
54.3%
SouthernVMI
54.1%
NortheastWagner
53.4%
SouthernFurman
53.4%
NortheastHobart
49.8%
NortheastMount St. Mary's
49.8%
MAACDetroit
47.3%
SouthernMercer
46.6%
SouthernBellarmine
44.6%
IndependentCleveland State
29%

You're not logged in!

Compare scores with friends on all Sporcle quizzes.
OR
Log In

You Might Also Like...

Show Comments

Extras

Created Oct 5, 2011ReportNominate
Tags:NCAA Lacrosse

Top Quizzes Today


Score Distribution

Your Account Isn't Verified!

In order to create a playlist on Sporcle, you need to verify the email address you used during registration. Go to your Sporcle Settings to finish the process.

Report this User

Report this user for behavior that violates our Community Guidelines.

Details: